000 00599nam a2200205 4500
001 117603
003 ES-MaACL
005 20250407063111.0
007 t|
008 070214s1980 sp r ||||1| cat d
100 1 _aPedrolo, Manuel de,
_d1918-1991
_989937
245 1 1 _a"Conjectures` , de Daniel Bastida /
_cManuel de Pedrolo.
250 _a[1ยช ed.].
260 _aBarcelona :
_bEdicions 62,
_c1980.
300 _a276 p. ;
_c20 cm.
490 1 _aTemps obert ;
_v11
830 0 _aTemps obert ;
_v11
_9233363
852 _aES-MaACL
_jC-30016
_bR.100333
999 _c117603
_d117603